Statistics for UK World Heritage Sites by Picture

Click here to take the quiz!

General Stats

  • This quiz has been taken 273 times
    (89 since last reset)
  • The average score is 12 of 27

Answer Stats

Answer% Correct
City of {Bath}
96%
{Stonehenge}, Avebury
& Associated Sites
96%
Palace of {Westminster}
& {Westminster} Abbey
93%
Tower of {London}
93%
{Giant's} {Causeway}
& {Causeway} Coast
78%
{Lake} District
76%
Old & New Towns
of {Edinburgh}
74%
Royal {Botanical}
{Gardens}, Kew
54%
{Forth} Bridge
52%
Maritime {Greenwich}
50%
{Dorset} & East {Devon} Coast
45%
Frontiers of the {Roman} {Empire}
37%
{Blenheim} Palace
35%
{Canterbury} Cathedral,
St {Augustine's} Abbey
& St {Martin's} Church
34%
{Ironbridge} Gorge
34%
{Cornwall} & West {Devon}
Mining Landscape
32%
{Durham} Castle
& Cathedral
32%
{Jodrell} Bank Observatory
29%
Heart of Neolithic
{Orkney}
24%
St {Kilda}
21%
New {Lanark}
16%
Castles & Town Walls
of {King} {Edward}
in Gwynedd
12%
{Blaenavon} Industrial
Landscape
11%
Saltaire
11%
{Derwent} Valley Mills
10%
{Pontcysyllte} Aqueduct
& Canal
7%
{Studley} Royal Park
6%

Score Distribution

Percentile by Number Answered

Percent of People with Each Score

Your Score History

You have not taken this quiz since the last reset